Countries that Beat Ukraine - Statistics

General Stats
  • This quiz has been taken 451 times
  • The average score is 8 of 17
Answer Stats
Rank Category Countries % Correct
2 Highest population of Orthodox Christians Russia
95%
3 Highest % of their population died in WWII [1] Belarus | Poland
85%
5 First to gain independence from the USSR Lithuania | Latvia | Estonia | Georgia
82%
3 Shares the longest border with Poland Czech Republic | Slovakia
67%
4 Most recent to win the Eurovision Netherlands | Israel | Portugal
59%
2 Lowest GDP per-capita in Europe [6] Moldova
56%
2 (t) Highest % of electricity use by nuclear power [3] France
52%
3 (t) Whose flag has the most yellow Brunei | Vatican City
49%
5 Source of most immigrants in Italy Romania | Albania | Morocco | China
49%
6 Most populous capital starting with K D.R. Congo | Malaysia | Sudan | Kuwait | Afghanistan | Uganda
41%
7 Site of the deadliest aviation disaster Spain | Japan | France | India | Ireland | Saudi Arabia
37%
3 Largest country that formerly had a stockpile of nuclear weapons Kazakhstan | South Africa
36%
2 Most deaths due to an armed conflict [2] * outside Asia or Africa Mexico
35%
5 Highest ratio of women to men Djibouti | Latvia | Lithuania | Russia
34%
2 Lost the most people since 2019 [5] Japan
18%
3 Highest % of arable land Bangladesh | Denmark
14%
5 Highest death rate [4] Bulgaria | Latvia | Serbia | Lesotho
14%
No matching quizzes found
Score Distribution
Percent of People with Each Score
Percentile by Number Answered
Your Score History
You have not taken this quiz